Gyógyszer a halálos kór ellen
Elmentve itt :
| Dokumentumtípus: | Cikk |
|---|---|
| Megjelent: |
1995-09-25
|
| Sorozat: | Délmagyarország
85 No. 225 |
| Kulcsszavak: | Földeák Sándor |
| Online Access: | http://dmarchiv.bibl.u-szeged.hu/79398 |
| LEADER | 00405nab a2200145 i 4500 | ||
|---|---|---|---|
| 001 | delm79398 | ||
| 005 | 20191010122707.0 | ||
| 008 | 191010s1995 hu o 0|| hun d | ||
| 040 | |a SZTE Délmagyarország Archívum |b hun | ||
| 041 | |a hun | ||
| 245 | 0 | 0 | |a Gyógyszer a halálos kór ellen |h [elektronikus dokumentum] |
| 260 | |c 1995-09-25 | ||
| 300 | |a 4 | ||
| 490 | 0 | |a Délmagyarország |v 85 No. 225 | |
| 695 | |a Földeák Sándor | ||